[Event "Marseille op 16th"]
[Site "Marseille"]
[Date "2023.12.30"]
[Round "7"]
[White "Figier, Anthony"]
[Black "Le Roy, Tristan1"]
[Result "0-1"]
[WhiteElo "2026"]
[BlackElo "1955"]
[PlyCount "76"]
[EventDate "2023.12.30"]
[EventType "swiss"]
[EventRounds "9"]
[EventCountry "FRA"]
[SourceTitle "CB01_2024"]
[SourceDate "2024.01.03"]
[SourceVersion "1"]
[SourceVersionDate "2024.01.03"]
[SourceQuality "1"]

1. Nf3 Nf6 2. g3 e6 3. Bg2 d5 4. 0-0 Be7 5. d4 0-0 6. c4 c6 7. Qc2 b6 8. Nbd2 Bb7 9. e4 a5 10. e5 Nfd7 11. cxd5 cxd5 12. Nb1 b5 13. h4 Nc6 14. Be3 Qb6 15. Nc3 Rfc8 16. Qd1 a4 17. Bh3 Na5 18. Rb1 a3 19. Ne2 axb2 20. Rxb2 Nc4 21. Rc2 b4 22. Nf4 Na3 23. Rxc8+ Rxc8 24. Qa4 Nf8 25. Rc1 Nc4 26. Rb1 Ra8 27. Qd1 Rxa2 28. Bc1 Bc6 29. Qb3 Ra7 30. Bf1 Ba4 31. Qd3 Qc6 32. Qe2 Na3 33. Bxa3 bxa3 34. Ne1 Rb7 35. Ra1 Qc3 36. Qa6 Qxa1 37. Qxb7 Qxe1 38. Qxe7 a2 0-1

[Event "Allauch op 5th"]
[Site "Allauch"]
[Date "2023.09.01"]
[Round "8"]
[White "Chaumet, Etienne"]
[Black "Figier, Anthony"]
[Result "1/2-1/2"]
[WhiteElo "2075"]
[BlackElo "1991"]
[PlyCount "109"]
[EventDate "2023.08.28"]
[EventType "swiss"]
[EventRounds "9"]
[EventCountry "FRA"]
[SourceTitle "EXT 2024"]
[Source "ChessBase"]
[SourceDate "2023.10.10"]
[SourceVersion "1"]
[SourceVersionDate "2023.10.10"]
[SourceQuality "1"]

1. e4 Nf6 2. e5 Nd5 3. d4 d6 4. c4 Nb6 5. exd6 cxd6 6. Nc3 g6 7. Be3 Bg7 8. Rc1 0-0 9. Nf3 Bg4 10. Be2 Nc6 11. d5 Bxf3 12. gxf3 Ne5 13. b3 Qc8 14. f4 Ned7 15. Ne4 Nf6 16. Nxf6+ Bxf6 17. Bg4 Qd8 18. f5 Nd7 19. fxg6 hxg6 20. h4 Kg7 21. h5 Rh8 22. f4 Qa5+ 23. Kf2 Nc5 24. Qc2 Rag8 25. hxg6 fxg6 26. Kf3 Rxh1 27. Rxh1 Qc3 28. Qxc3 Bxc3 29. Rh2 b6 30. Rc2 Bf6 31. b4 Nd3 32. Bd2 Rh8 33. Ke3 Nb2 34. Bc1 Na4 35. Kd3 Rh1 36. Bd7 Nc3 37. Bd2 Nd1 38. c5 bxc5 39. bxc5 dxc5 40. Rxc5 Nf2+ 41. Ke3 Rh2 42. Rc7 Nd1+ 43. Kd3 Nf2+ 44. Ke3 g5 45. d6 gxf4+ 46. Kxf4 Nd3+ 47. Ke3 Bg5+ 48. Kxd3 Rxd2+ 49. Ke4 exd6 50. Bc6+ Kf6 51. Rxa7 Re2+ 52. Kd3 Rd2+ 53. Ke4 Re2+ 54. Kd3 Rd2+ 55. Ke4 1/2-1/2

[Event "Allauch op 4th"]
[Site "Allauch"]
[Date "2022.08.25"]
[Round "6"]
[White "Figier, Anthony"]
[Black "Dudognon, Thibault"]
[Result "0-1"]
[WhiteElo "1957"]
[BlackElo "2346"]
[PlyCount "60"]
[EventDate "2022.08.22"]
[EventType "swiss"]
[EventRounds "9"]
[EventCountry "FRA"]
[SourceTitle "CBM 210 Extra"]
[Source "ChessBase"]
[SourceDate "2022.11.30"]
[SourceVersion "1"]
[SourceVersionDate "2022.11.30"]
[SourceQuality "1"]

1. d4 d5 2. c4 c6 3. Nc3 Nf6 4. Nf3 e6 5. e3 Nbd7 6. Qc2 Bd6 7. g4 Bb4 8. g5 Ne4 9. Rg1 0-0 10. Bd2 Bxc3 11. Bxc3 f5 12. Bd3 Qe7 13. 0-0-0 b6 14. Kb1 Bb7 15. Be1 Rfc8 16. cxd5 exd5 17. Nh4 g6 18. f3 Nd6 19. Bg3 c5 20. Bxd6 Qxd6 21. Bxf5 cxd4 22. Qd3 Ne5 23. Qxd4 Rc4 24. Qd2 Rxh4 25. Qf2 Rb4 26. Bc2 Nc4 27. Bb3 Qe5 28. e4 Rf8 29. Rg2 Qf4 30. Qe1 Rxb3 0-1

[Event "Salon de Provence op 12th"]
[Site "Salon de Provence"]
[Date "2022.07.14"]
[Round "8"]
[White "Lalic, Bogdan"]
[Black "Figier, Anthony"]
[Result "1-0"]
[WhiteElo "2412"]
[BlackElo "1977"]
[PlyCount "107"]
[EventDate "2022.07.09"]
[EventType "swiss"]
[EventRounds "9"]
[EventCountry "FRA"]
[SourceTitle "CBM 209 Extra"]
[Source "ChessBase"]
[SourceDate "2022.09.30"]
[SourceVersion "1"]
[SourceVersionDate "2022.09.30"]
[SourceQuality "1"]

1. c4 c6 2. e4 d6 3. d4 e5 4. Nf3 Nd7 5. Nc3 Ngf6 6. Be2 Be7 7. 0-0 0-0 8. Be3 Qc7 9. d5 c5 10. Ne1 Re8 11. a3 Bf8 12. b4 b6 13. Qb3 g6 14. Nd3 Qd8 15. Rab1 Bg7 16. Qa4 Nb8 17. bxc5 dxc5 18. Qb3 Nbd7 19. Qa2 Rf8 20. Bd1 Ne8 21. Ba4 Nd6 22. Bc6 Ba6 23. Nb2 Bb7 24. Nb5 Nxb5 25. cxb5 Qc7 26. Nc4 Nf6 27. f3 Bxc6 28. bxc6 Rab8 29. a4 Rfd8 30. Na3 Ne8 31. Bg5 f6 32. d6+ Qf7 33. Qxf7+ Kxf7 34. c7 fxg5 35. cxb8Q Rxb8 36. Rfd1 Rd8 37. Nb5 c4 38. d7 Nf6 39. Nxa7 Rxd7 40. Rxd7+ Nxd7 41. Rc1 Bf8 42. Rxc4 Bc5+ 43. Kf1 Ke6 44. Nb5 Be3 45. Rc6+ Ke7 46. Nc3 Bd4 47. Nd5+ Kd8 48. h3 Ke8 49. Re6+ Kf8 50. Re7 Nc5 51. Rxh7 Nxa4 52. Rb7 Bc5 53. Nf6 Be7 54. Nd7+ 1-0

[Event "Marseille Christmas rapid"]
[Site "Marseille"]
[Date "2019.12.30"]
[Round "9"]
[White "Figier, Anthony"]
[Black "Riff, Jean Noel"]
[Result "0-1"]
[WhiteElo "2059"]
[BlackElo "2499"]
[PlyCount "54"]
[EventDate "2019.12.28"]
[EventType "swiss (rapid)"]
[EventRounds "9"]
[EventCountry "FRA"]
[SourceTitle "CBM 194 Extra"]
[Source "ChessBase"]
[SourceDate "2020.03.31"]
[SourceVersion "1"]
[SourceVersionDate "2020.03.31"]
[SourceQuality "1"]

1. d4 Nf6 2. c4 e6 3. Nf3 Bb4+ 4. Bd2 Qe7 5. a3 Bxd2+ 6. Qxd2 d5 7. e3 0-0 8. Nc3 Rd8 9. Qc2 c6 10. Be2 Nbd7 11. 0-0 dxc4 12. Bxc4 e5 13. dxe5 Nxe5 14. Be2 Bg4 15. Nxe5 Qxe5 16. h3 Be6 17. Bf3 Nd7 18. Rfd1 Nc5 19. Ne2 Bb3 20. Rxd8+ Rxd8 21. Qc3 Qxc3 22. bxc3 Rd2 23. Nd4 a5 24. Kf1 Bc4+ 25. Kg1 Kf8 26. Rb1 Ra2 27. Nf5 Bd3 0-1

[Event "Salon de Provence op 7th"]
[Site "Salon de Provence"]
[Date "2016.07.10"]
[Round "2"]
[White "Baroyan, Davit"]
[Black "Figier, Anthony"]
[Result "1/2-1/2"]
[WhiteElo "1946"]
[BlackElo "2070"]
[PlyCount "94"]
[EventDate "2016.07.09"]
[EventType "swiss"]
[EventRounds "9"]
[EventCountry "FRA"]
[SourceTitle "EXT 2019"]
[Source "ChessBase"]
[SourceDate "2018.10.10"]
[SourceVersion "1"]
[SourceVersionDate "2018.10.10"]
[SourceQuality "1"]

1. e4 Nf6 2. e5 Ng8 3. d4 g6 4. Nf3 Bg7 5. c4 c5 6. d5 d6 7. Bf4 dxe5 8. Bxe5 Nf6 9. Qb3 0-0 10. Be2 Nbd7 11. Bc3 a6 12. 0-0 Rb8 13. a4 b6 14. Nbd2 Bb7 15. Ng5 b5 16. cxb5 axb5 17. Bxb5 Bxd5 18. Qc2 Qc7 19. Nge4 Ng4 20. Nf3 Qf4 21. Rfe1 Bxc3 22. bxc3 Nde5 23. Nxe5 Qxh2+ 24. Kf1 Nxe5 25. Rad1 Rbd8 26. Rxd5 Rxd5 27. Ng3 Rfd8 28. c4 Rd2 29. Qc3 Ng4 30. Re2 Rd1+ 31. Re1 R8d3 32. Qa5 Rxg3 33. fxg3 Rxe1+ 34. Qxe1 Qh1+ 35. Ke2 Qxg2+ 36. Kd1 Qa2 37. Qxe7 Nf2+ 38. Ke1 Nd3+ 39. Kd1 Nf2+ 40. Ke1 Nd3+ 41. Kd1 Qa1+ 42. Kd2 Qc1+ 43. Kxd3 Qd1+ 44. Kc3 Qc1+ 45. Kb3 Qb1+ 46. Kc3 Qc1+ 47. Kb3 Qb1+ 1/2-1/2

[Event "FRA-ch op-A"]
[Site "Agen"]
[Date "2016.??.??"]
[Round "6"]
[White "Figier, Anthony"]
[Black "Blum, Nicolas"]
[Result "0-1"]
[WhiteElo "2088"]
[BlackElo "2184"]
[PlyCount "113"]
[EventDate "2016.08.12"]
[EventType "swiss"]
[EventRounds "9"]
[EventCountry "FRA"]
[SourceTitle "EXT 2017"]
[Source "ChessBase"]
[SourceDate "2016.10.25"]
[SourceVersion "1"]
[SourceVersionDate "2016.10.25"]
[SourceQuality "1"]

1. d4 Nf6 2. c4 e6 3. Nc3 Bb4 4. e3 0-0 5. Nge2 d5 6. a3 Bd6 7. Ng3 c6 8. Bd3 e5 9. 0-0 e4 10. Be2 Be6 11. cxd5 cxd5 12. Nb5 Bxg3 13. hxg3 Qd7 14. Bd2 a6 15. Nc3 Nc6 16. Na4 Bg4 17. f3 exf3 18. gxf3 Bh3 19. Rf2 Qd6 20. Kh2 Bf5 21. Nc5 Nd7 22. Nd3 Qh6+ 23. Kg1 Qg6 24. Nf4 Qxg3+ 25. Rg2 Qh4 26. Nxd5 Bh3 27. Rh2 Qg5+ 28. Kh1 Qxd5 29. Rxh3 Nf6 30. Qf1 Rfe8 31. Bc4 Qd7 32. Qg2 Ne7 33. Rg1 Ng6 34. Bd3 Qd5 35. Qf2 Rad8 36. Bc3 Qe6 37. Qh2 Qxe3 38. Bc4 Qf4 39. Qg2 Re7 40. Qc2 Rde8 41. Qb3 Qf5 42. Bf1 Nf4 43. Rh2 N4d5 44. Bd2 Ne3 45. Bxe3 Rxe3 46. Qxb7 Rxf3 47. Bc4 Ne4 48. Qc6 Rf8 49. Re1 Nf2+ 50. Kg1 Rg3+ 51. Rg2 Nh3+ 52. Kh2 Rxg2+ 53. Qxg2 Nf4 54. Qf3 Qc2+ 55. Be2 Qd2 56. Qf2 Nd3 57. Rh1 0-1

[Event "Vitrolles-ch 13th"]
[Site "Vitrolles"]
[Date "2013.03.09"]
[Round "8"]
[White "Parroco, Pierre Jean"]
[Black "Figier, Anthony"]
[Result "0-1"]
[WhiteElo "1713"]
[BlackElo "1764"]
[PlyCount "60"]
[EventDate "2012.03.09"]
[EventType "swiss"]
[EventRounds "9"]
[EventCountry "FRA"]
[SourceTitle "EXT 2014"]
[Source "ChessBase"]
[SourceDate "2013.11.20"]
[SourceVersion "1"]
[SourceVersionDate "2013.11.20"]
[SourceQuality "1"]

1. e4 Nf6 2. e5 Nd5 3. d4 d6 4. Nf3 g6 5. c4 Nb6 6. Be2 Bg7 7. 0-0 0-0 8. h3 Nc6 9. exd6 cxd6 10. Be3 d5 11. c5 Nc4 12. Bc1 b6 13. b3 N4a5 14. cxb6 Qxb6 15. Be3 Ba6 16. Nc3 Bxe2 17. Nxe2 Nb7 18. Qd2 Rfc8 19. Rac1 Nd6 20. Rfd1 e6 21. Nc3 Qd8 22. a3 Rab8 23. Qa2 Nf5 24. Ne2 Nxe3 25. fxe3 Ne7 26. b4 Nf5 27. Rxc8 Rxc8 28. Rd3 Bh6 29. Kf2 Nd6 30. Nc3 Rxc3 0-1

[Event "Vitrolles-ch 13th"]
[Site "Vitrolles"]
[Date "2012.10.20"]
[Round "2"]
[White "Figier, Anthony"]
[Black "Scamaroni, Jean Paul"]
[Result "1-0"]
[WhiteElo "1764"]
[BlackElo "1672"]
[PlyCount "73"]
[EventDate "2012.03.09"]
[EventType "swiss"]
[EventRounds "9"]
[EventCountry "FRA"]
[SourceTitle "EXT 2014"]
[Source "ChessBase"]
[SourceDate "2013.11.20"]
[SourceVersion "1"]
[SourceVersionDate "2013.11.20"]
[SourceQuality "1"]

1. d4 Nf6 2. c4 g6 3. g3 Bg7 4. Bg2 0-0 5. Nf3 d6 6. 0-0 Nbd7 7. Nfd2 c5 8. d5 Rb8 9. a4 a6 10. Nc3 b6 11. h3 Qc7 12. Ra3 Re8 13. Rb3 Nf8 14. e4 N6d7 15. f4 Bd4+ 16. Kh2 e5 17. Ne2 exf4 18. Nxd4 fxg3+ 19. Rxg3 cxd4 20. b3 Ne5 21. Nf3 Nxf3+ 22. Rgxf3 f5 23. Qxd4 Rxe4 24. Qxe4 fxe4 25. Rxf8+ Kg7 26. Bb2+ Kh6 27. R8f7 Qc5 28. b4 Qxc4 29. Bc1+ Qxc1 30. Rxc1 Bf5 31. Rcc7 Re8 32. h4 Kh5 33. Rfe7 Rxe7 34. Rxe7 Kxh4 35. Bxe4 h5 36. Bxf5 gxf5 37. Re6 1-0

[Event "Cap d'Agde CCAS op"]
[Site "Cap d'Agde"]
[Date "2010.10.31"]
[Round "6"]
[White "Figier, Anthony"]
[Black "Bandet, Raphael"]
[Result "0-1"]
[WhiteElo "1676"]
[BlackElo "1751"]
[PlyCount "184"]
[EventDate "2010.10.23"]
[EventType "swiss"]
[EventRounds "7"]
[EventCountry "FRA"]
[SourceTitle "EXT 2012"]
[Source "ChessBase"]
[SourceDate "2011.11.24"]
[SourceVersion "1"]
[SourceVersionDate "2011.11.24"]
[SourceQuality "1"]

1. e4 e5 2. Nf3 Nc6 3. d4 exd4 4. Nxd4 Bc5 5. Be3 Qf6 6. c3 Nge7 7. Bc4 b6 8. 0-0 Bb7 9. Nb5 Rc8 10. b4 Bxb4 11. cxb4 Qxa1 12. Nd4 Nxb4 13. Qb3 c5 14. Nc3 Qxf1+ 15. Kxf1 cxd4 16. Bxf7+ Kf8 17. Bh5 Ba6+ 18. Kg1 Bc4 19. Qxb4 dxe3 20. fxe3 g6 21. Bg4 Be6 22. Bxe6 dxe6 23. Qd4 Kf7 24. Nb5 Rcd8 25. Nd6+ Kg8 26. Qe5 Rxd6 27. Qxd6 Kf7 28. Qd7 a5 29. Qc7 Rc8 30. Qxb6 Rc1+ 31. Kf2 Rc2+ 32. Kf3 Rxa2 33. Qb3 Ra1 34. Qb2 Rf1+ 35. Ke2 Rg1 36. Kf2 Rd1 37. g4 h6 38. h4 Rh1 39. Kg3 Rg1+ 40. Kf3 g5 41. hxg5 hxg5 42. Qe5 a4 43. Qc3 Ng6 44. Qa3 Nh4+ 45. Kf2 Rxg4 46. Qxa4 Rg2+ 47. Kf1 Kf6 48. Qd4+ Kg6 49. Qh8 Rg3 50. Qg8+ Kf6 51. Qf8+ Kg6 52. Qe8+ Kf6 53. Ke2 Rg2+ 54. Kd3 Rg1 55. Qh8+ Kg6 56. e5 Rf1 57. Qe8+ Kh7 58. Qxe6 Rf3 59. Qg4 Kg6 60. e6 Rf8 61. e7 Re8 62. Qe6+ Kg7 63. Qe5+ Kg6 64. Ke4 Kf7 65. Qd5+ Kxe7 66. Qxg5+ Kf7+ 67. Kd3 Ng6 68. Kd4 Re7 69. Qf5+ Kg7 70. e4 Rf7 71. Qg5 Rd7+ 72. Kc5 Ra7 73. Qg4 Rc7+ 74. Kd5 Ra7 75. Qg1 Ra5+ 76. Kd6 Kh7 77. Qh2+ Kg8 78. Qg3 Ra6+ 79. Kd5 Kg7 80. Qc7+ Kh6 81. e5 Nf4+ 82. Ke4 Ne6 83. Qc1+ Kg6 84. Kd5 Ng5 85. Qc2+ Kh6 86. Qd2 Ra8 87. Qf4 Ra5+ 88. Kd6 Ra6+ 89. Kd7 Ra7+ 90. Ke8 Ra8+ 91. Ke7 Ra7+ 92. Kf6 Rf7# 0-1

[Event "Marseille op 2nd "]
[Site "Marseille"]
[Date "2009.12.28"]
[Round "6"]
[White "Flores, Adrian"]
[Black "Figier, Anthony"]
[Result "1-0"]
[WhiteElo "1808"]
[BlackElo "1596"]
[PlyCount "39"]
[EventDate "2009.12.26"]
[EventType "swiss"]
[EventRounds "9"]
[EventCountry "FRA"]
[SourceTitle "CBM 134 Extra"]
[Source "ChessBase"]
[SourceDate "2010.03.03"]
[SourceVersion "1"]
[SourceVersionDate "2010.03.03"]
[SourceQuality "1"]

1. e4 e5 2. Nf3 Nc6 3. Bc4 Bc5 4. Nc3 Nf6 5. d3 h6 6. Bd2 d6 7. h3 0-0 8. Qe2 a6 9. g4 Nh7 10. Nd5 b5 11. Bb3 Bd7 12. c3 Re8 13. g5 hxg5 14. Rg1 g4 15. hxg4 g5 16. Qf1 Kg7 17. Qh3 Rh8 18. Qh5 Na5 19. Rh1 Nf6 20. Qxg5+ 1-0

[Event "Marseille op 2nd "]
[Site "Marseille"]
[Date "2009.12.26"]
[Round "2"]
[White "Dossous, Kendra"]
[Black "Figier, Anthony"]
[Result "0-1"]
[WhiteElo "1099"]
[BlackElo "1596"]
[PlyCount "48"]
[EventDate "2009.12.26"]
[EventType "swiss"]
[EventRounds "9"]
[EventCountry "FRA"]
[SourceTitle "CBM 134 Extra"]
[Source "ChessBase"]
[SourceDate "2010.03.03"]
[SourceVersion "1"]
[SourceVersionDate "2010.03.03"]
[SourceQuality "1"]

1. e4 e5 2. Nf3 Nc6 3. Nc3 Nf6 4. Bc4 Be7 5. d3 0-0 6. 0-0 d6 7. Bg5 Bg4 8. Nd5 Nxd5 9. exd5 Nd4 10. Bxe7 Qxe7 11. h3 Nxf3+ 12. Kh1 Nh2 13. Rg1 Bxd1 14. Raxd1 f5 15. Kxh2 Rf6 16. Rde1 Raf8 17. d4 e4 18. f3 e3 19. Re2 f4 20. Rge1 Rh6 21. g3 fxg3+ 22. Kxg3 Qh4+ 23. Kh2 Qxh3+ 24. Kg1 Qh1# 0-1

[Event "Marseille op 2nd "]
[Site "Marseille"]
[Date "2009.12.26"]
[Round "1"]
[White "Figier, Anthony"]
[Black "Jeanjean, Dominique"]
[Result "0-1"]
[WhiteElo "1596"]
[BlackElo "2095"]
[PlyCount "68"]
[EventDate "2009.12.26"]
[EventType "swiss"]
[EventRounds "9"]
[EventCountry "FRA"]
[SourceTitle "CBM 134 Extra"]
[Source "ChessBase"]
[SourceDate "2010.03.03"]
[SourceVersion "1"]
[SourceVersionDate "2010.03.03"]
[SourceQuality "1"]

1. e4 e5 2. Nf3 Nc6 3. d4 exd4 4. Nxd4 Nf6 5. Nxc6 bxc6 6. e5 Qe7 7. Qe2 Nd5 8. c4 Ba6 9. b3 g5 10. Bb2 Bg7 11. Qe4 Nf4 12. Nd2 0-0-0 13. 0-0-0 Bb7 14. Qe3 c5 15. Rg1 Ng6 16. Re1 Rde8 17. Qg3 Bxe5 18. Bxe5 Nxe5 19. Nf3 Bxf3 20. gxf3 Qf6 21. Re3 Nc6 22. Kb1 Qd4 23. Qxg5 Qd1+ 24. Kb2 Qd2+ 25. Kb1 Qxf2 26. Rxe8+ Rxe8 27. Bh3 Nb4 28. Bf5 Qxa2+ 29. Kc1 Qa3+ 30. Kd2 Qb2+ 31. Kd1 Qxb3+ 32. Kd2 Qb2+ 33. Kd1 Qe2+ 34. Kc1 Qxc4+ 0-1

[Event "FRA-ch U20"]
[Site "Aix les Bains"]
[Date "2009.04.26"]
[Round "9"]
[White "Gras, Delphine"]
[Black "Figier, Anthony"]
[Result "1-0"]
[WhiteElo "1982"]
[BlackElo "1630"]
[PlyCount "67"]
[EventDate "2009.04.19"]
[EventType "swiss"]
[EventRounds "9"]
[EventCountry "FRA"]
[SourceTitle "CBM 130 Extra"]
[Source "ChessBase"]
[SourceDate "2009.07.02"]
[SourceVersion "2"]
[SourceVersionDate "2009.07.15"]
[SourceQuality "1"]

1. e4 e5 2. Nf3 Nc6 3. Bb5 a6 4. Bxc6 dxc6 5. 0-0 Bg4 6. h3 Bh5 7. d3 Bd6 8. Be3 Nf6 9. Nbd2 0-0 10. c3 Re8 11. Bg5 c5 12. Nc4 b5 13. Ne3 Re6 14. Re1 Be7 15. Nf5 Kh8 16. Qe2 Ng8 17. Bxe7 Bxf3 18. Qxf3 Nxe7 19. Qg3 Ng6 20. h4 Qf6 21. Re3 Rae8 22. Rae1 Nf4 23. Rf3 Qg6 24. d4 cxd4 25. cxd4 Qxg3 26. Nxg3 f6 27. Rc1 R6e7 28. d5 Rd7 29. Ra3 f5 30. exf5 Nxd5 31. Rxa6 Nb4 32. Ra7 Nd5 33. Ne4 Ree7 34. Ra8+ 1-0

[Event "FRA-ch U20"]
[Site "Aix les Bains"]
[Date "2009.04.21"]
[Round "4"]
[White "Scalia, Jerome"]
[Black "Figier, Anthony"]
[Result "1-0"]
[WhiteElo "1833"]
[BlackElo "1630"]
[PlyCount "71"]
[EventDate "2009.04.19"]
[EventType "swiss"]
[EventRounds "9"]
[EventCountry "FRA"]
[SourceTitle "CBM 130 Extra"]
[Source "ChessBase"]
[SourceDate "2009.07.02"]
[SourceVersion "2"]
[SourceVersionDate "2009.07.15"]
[SourceQuality "1"]

1. d4 d5 2. Nf3 Nf6 3. g3 Nc6 4. Bg2 Bg4 5. 0-0 e6 6. b3 Bf5 7. Bb2 Bd6 8. Nbd2 Nb4 9. c3 Nc6 10. c4 0-0 11. Rc1 Re8 12. h3 Bb4 13. a3 Bxd2 14. Nxd2 Qe7 15. Re1 Rad8 16. e3 Qd7 17. Kh2 Ne7 18. b4 c6 19. a4 Qc7 20. b5 Bg6 21. Qb3 Nc8 22. c5 Ne7 23. Ba3 h5 24. Nf3 Ne4 25. Re2 Nf5 26. Ne5 Nf6 27. Rb2 Re7 28. Rcb1 Kh7 29. bxc6 bxc6 30. Qb7 Qxb7 31. Rxb7 Nd7 32. Nxc6 Rde8 33. Nxe7 Rxe7 34. c6 Nb6 35. Bxe7 Nxe7 36. R1xb6 1-0

[Event "FRA-ch U20"]
[Site "Aix les Bains"]
[Date "2009.04.20"]
[Round "2"]
[White "Perrusset, Barbara"]
[Black "Figier, Anthony"]
[Result "0-1"]
[WhiteElo "1817"]
[BlackElo "1630"]
[PlyCount "152"]
[EventDate "2009.04.19"]
[EventType "swiss"]
[EventRounds "9"]
[EventCountry "FRA"]
[SourceTitle "CBM 130 Extra"]
[Source "ChessBase"]
[SourceDate "2009.07.02"]
[SourceVersion "2"]
[SourceVersionDate "2009.07.15"]
[SourceQuality "1"]

1. e4 e5 2. Nf3 Nc6 3. Nc3 g6 4. d4 Bg7 5. d5 Nd4 6. Nxd4 exd4 7. Nb5 c6 8. Nd6+ Kf8 9. f4 Qe7 10. e5 Bxe5 11. fxe5 Qxe5+ 12. Be2 Qxd6 13. Qxd4 f6 14. 0-0 Kg7 15. c4 b6 16. Qe4 Bb7 17. Qg4 cxd5 18. Bf4 Qc5+ 19. Kh1 Rd8 20. cxd5 Bxd5 21. Rac1 Qe7 22. Rfe1 h5 23. Qg3 h4 24. Qc3 Qe4 25. Bf3 Qxf4 26. Bxd5 Qd6 27. Rcd1 Qc5 28. Qh3 Ne7 29. Bb3 Nf5 30. Rc1 Qf2 31. Rf1 Qxb2 32. Rb1 Qe5 33. Rfe1 Qa5 34. Qf3 Rhe8 35. Rxe8 Rxe8 36. Bc2 Re5 37. a4 Qd5 38. Qf2 h3 39. Bxf5 Qxg2+ 40. Qxg2 hxg2+ 41. Kxg2 Rxf5 42. Rd1 Ra5 43. Rxd7+ Kh6 44. Rd4 b5 45. axb5 Rxb5 46. Ra4 a5 47. Kg3 Rf5 48. Kg4 Rh5 49. Kg3 Kg7 50. h4 Kf7 51. Kf3 g5 52. hxg5 Rxg5 53. Re4 Re5 54. Rd4 Ke6 55. Kf4 Rd5 56. Rc4 Kd6 57. Ke4 Rc5 58. Rd4+ Kc6 59. Rd1 Kb5 60. Rb1+ Ka6 61. Kd4 Rb5 62. Rh1 f5 63. Kc4 f4 64. Re1 a4 65. Re6+ Ka5 66. Re8 Rb6 67. Re5+ Ka6 68. Rf5 a3 69. Rf8 Rb7 70. Rf6+ Ka5 71. Rf5+ Ka4 72. Rf8 Rb4+ 73. Kc3 Rb3+ 74. Kc4 Rb5 75. Rf7 a2 76. Rxf4 Rb4+ 0-1